BioShock Trivia - Statistics

General Stats
  • This quiz has been taken 479 times
  • The average score is 11 of 17
Answer Stats
Hint Answer % Correct
What is the name of the city where BioShock takes place? Rapture
99%
Who founded the city? Andrew Ryan
93%
What is the name given to the armored protectors of the pint-sized "Little Sisters"? Big Daddies
92%
What drug enables said powers, yet turns the wielders into feral mutants? Adam
88%
And what are these mutants referred to as? Splicers
88%
What is the name given to the genetic "superpowers" you receive in the game? Plasmids
82%
How many different powers does the final boss use in the climactic battle? 3
77%
Your guide who calls himself "Atlas" is actually whom? Frank Fontaine
77%
"A man ______, a slave ______." chooses, obeys
67%
What profession does Steinman hold in the city? Doctor
67%
According to several recordings, what is Andrew Ryan to the protagonist? Father (illegitimate)
64%
What is the name of the crazed artist who has taken up residence in Fort Frolic? Sander Cohen
52%
What is the name of the rural area of the city that houses the trees and crops? Arcadia
41%
"No ____ or _____, only ____." gods, kings, man
40%
What is the name of the creator of BioShock? Ken Levine
30%
In what location do you come across the Grenade Launcher? Neptune's Bounty
19%
What morbid "masterpiece" does he force you to complete for him? The Quadtych
6%
No matching quizzes found
Score Distribution
Percent of People with Each Score
Percentile by Number Answered
Your Score History
You have not taken this quiz